000 00889nam a22002537a 4500
003 DO-SdBNP
005 20240530073925.0
008 210714b 2018 dr 00| 0 eng d
020 _a9789945609783
040 _aDO-SdBNP
_bspa
_cBNPHU
082 4 _222
_aRD863.5
_bL453a
100 1 _aLebrón Cuello, Gregoryt,
_d2000-
_979210
245 1 0 _aAmor, desgracia y trincheras : [Trilogía] /
_cGregoryt Lebrón Cuello.
260 _aSanto Domingo :
_bSantuario,
_c2018.
300 _a166 p. ;
_c23 cm.
500 _aIncluye datos biográficos del autor en la solapa de la cubierta
505 _gv.1
_tEl amor se va a la guerra
590 _aInventariado, 2021 /LP
650 0 _aNovela dominicana
_9223
650 4 _aLiteratura dominicana
_979416
700 1 _aLebrón Cuello, Gregoryt
_tEl amor se va a la guerra
_979417
910 _aValidado. Control de calidad MFF
942 _2ddc
_cLBS1
999 _c50102
_d50102